000 00712nam a22002177a 4500
003 UA-OsUOA
001 41429
007 ta
008 20080725b un ||||| |||| 00| 0 ukr d
090 _a27(477)
_bМ67
942 _cBK
040 _aUA-OsUOA
_bukr
_cUA-OsUOA
_dUA-OsUOA
245 _aМитрополит Андрей Шептицький і греко-католики в Росії
_cУпорядкували Юрій Аввакумов і Оксана Гайова
_nКн. І
300 _a922 с.
955 _a1
041 _aukr
080 _a27(477)
260 _aЛьвів
_bУКУ
_c2004
650 7 _a27 Загальна історія Християнської церкви
_2UDC
999 _c439929
_d439929